000 00803cam a22002657a 4500
003 CHAP
005 20220329134853.0
008 971013s r 00010 d
010 _a27223
011 _a28195
035 _a32298
040 _cCHAP
090 _aMP-67
100 0 0 _aKeible, F.
_962900
245 1 4 _aThe mode of inheritance of stature and of time of flowering in peas (Pinus stivum)
500 _aSobretiro de : J. Genetics 1 : 47-56, 1910
590 _aBATCH-UPD
_b10
_c20130110
_lUCH01
_h2257
590 _aBATCH-UPD
_b10
_c20130410
_lUCH01
_h1550
590 _aBATCH-UPD
_b10
_c20130914
_lUCH01
_h0928
590 _aCONVERSION
_b10
_c20130109
_lUCH01
_h1316
650 1 4 _aChícharo
_xGenética.
_922831
901 _aBK
942 _cMP
949 _aMP-67
_bBC
_cMP
_d-75022
_eMP
_i32298
_si
999 _c27223
_d27223